ROBOMECH journal.
Disimpan dalam:
| Format: | Jurnal |
|---|---|
| Bahasa: | English |
| Diterbitkan: |
London, United Kingdom :
SpringerOpen,
2014-
|
| Subjek-subjek: | |
| Penanda-penanda: |
Tambah Penanda
Tiada Penanda, Jadilah orang pertama menanda rekod ini!
|
| LEADER | 01335cas a2200385 i 4500 | ||
|---|---|---|---|
| 001 | 014166318-9 | ||
| 005 | 20171229181919.0 | ||
| 006 | m d | ||
| 008 | 140901c20149999enkuu p|s ||||u0eng d | ||
| 010 | |a 2016223333 | ||
| 022 | |a 2197-4225 |l 2197-4225 |2 6 | ||
| 035 | 0 | |a ocn890026861 | |
| 035 | |a (Mrcit)3710000000219344 | ||
| 042 | |a pcc | ||
| 084 | |a 54.83 |2 bcl | ||
| 210 | 0 | |a ROBOMECH J | |
| 210 | 0 | |a ROBOMECH j. | |
| 222 | 0 | |a ROBOMECH journal | |
| 245 | 0 | 0 | |a ROBOMECH journal. |
| 260 | |a London, United Kingdom : |b SpringerOpen, |c 2014- | ||
| 300 | |a 1 online resource | ||
| 310 | |a Unknown | ||
| 336 | |a text |b txt |2 rdacontent | ||
| 337 | |a computer |b c |2 rdamedia | ||
| 338 | |a online resource |b cr |2 rdacarrier | ||
| 362 | 1 | |a Began with: Volume 1, issue 1 (December 2014). | |
| 588 | |a Description based on: Volume 1, issue 1 (December 2014); title from home page (publisher's website, viewed December 15, 2016). | ||
| 588 | |a Latest issue consulted: Volume 4, issue 1 (December 2017) (Springer Link website, viewed December 20, 2017). | ||
| 650 | 0 | |a Robotics |v Periodicals. | |
| 650 | 0 | |a Mechatronics |v Periodicals. | |
| 650 | 7 | |a Mechatronics. |2 fast |0 (OCoLC)fst01013514 | |
| 650 | 7 | |a Robotics. |2 fast |0 (OCoLC)fst01098997 | |
| 655 | 7 | |a Periodicals. |2 fast |0 (OCoLC)fst01411641 | |
| 988 | |a 20140919 | ||
| 906 | |0 MH | ||


